Bao đóng Pfaff /

Đã lưu trong:
Sonraí Bibleagrafaíochta
Príomhúdar: Nguyễn Tấn Khôi
Údair Eile: Tạ Lê Lợi PTS. (Cán bộ hướng dẫn)
Formáid: Luận văn
Teanga:Vietnamese
Foilsithe: Đà Lạt : Trường Đại học Đà Lạt, 1999
Ábhair:
Clibeanna: Cuir Clib Leis
Gan Chlibeanna, Bí ar an gcéad duine leis an taifead seo a chlibeáil!
Thư viện lưu trữ: Thư viện Trường Đại học Đà Lạt
LEADER 01025nam a2200373 4500
001 DLU030024268
005 ##20030801
040 # # |a DLU  |b vie 
041 # # |a vie 
044 # # |a vn 
082 # # |a 510  |b NG-K 
100 # # |a Nguyễn Tấn Khôi 
245 # # |a Bao đóng Pfaff /  |c Nguyễn Tấn Khôi 
260 # # |a Đà Lạt :  |b Trường Đại học Đà Lạt,  |c 1999 
300 # # |a 35 tr. ;  |c 29 cm 
653 # # |a Bao đóng Pfaff 
653 # # |a Cấu trúc o - tối tiểu 
653 # # |a Lá Rolle 
653 # # |a Mở rộng Pfaff 
653 # # |a Mở rộng Rolle - Pfaff 
653 # # |a Phân tầng biên 
653 # # |a Phân tầng Whitney 
653 # # |a Speissegger 
653 # # |a Van den Dries 
700 # # |a Tạ Lê Lợi  |c PTS.  |e Cán bộ hướng dẫn 
915 # # |a Toán học  |b 1.01.01  |c Thạc sĩ  |d Trường Đại học Đà Lạt 
994 # # |a DLU 
900 # # |a True 
911 # # |a Lê Nguyên Khang 
925 # # |a G 
926 # # |a A 
927 # # |a LA 
980 # # |a Thư viện Trường Đại học Đà Lạt